Culture Générale - Série 460 - Statistiques

Statistiques générales
  • Ce quiz a été pris 192 fois
  • Le résultat moyen est 5 sur 10
Statistiques - réponses
Question Réponse % Correct
Quel fruit d'origine chinoise, à pulpe blanche et à noyau, est entouré d'une sorte d'écorce rouge ? litchi
80%
Quel pays est le plus grand exportateur de vanille naturelle ? Madagascar
74%
De quel fruit tropical mange‐t‐on une variété nommée "Queen Victoria" ? ananas
62%
Comment surnomme-t-on les membres de l'Académie Française ? les immortels
60%
Quel agrume originaire d'Asie a été rebaptisé "tangerine" en Amérique ? mandarine
51%
Dans "Tchao Pantin", qui interprète le jeune dealer ami de Coluche ? Richard Anconina
45%
De combien de membres, l'Académie française est‐elle composée au maximum ? 40
39%
Quels fruits poussent sur le cactus appelé nopal ? Figues de Barbarie
28%
Quel autre académicien a écrit avec Maurice Druon "Le Chant des partisans" en 1943 ? Joseph Kessel
21%
Au 18e siècle, quel palais abritait l'Académie française ? Louvre
18%
Aucun quiz correspondant
Distribution des résultats
% des personnes avec chaque résultat
Percentile par nombre de réponses
Votre historique - résultats
Vous n’avez pas pris ce quiz